| 000 | 00571nam a22001577a 4500 | ||
|---|---|---|---|
| 999 |
_c527988 _d527988 |
||
| 020 | _qHBK. | ||
| 082 | _a570.5 | ||
| 100 | _aShuja, Malik Nawaz | ||
| 245 |
_aDevelopment of Antibodies, Infectious clones and Infectivity studies of Cotton leaf curl Burewala virus (CLCuBuV) / _cMalik Nawaz Shuja. |
||
| 260 |
_aIslamabad: _bASAB - NUST, _c2017. |
||
| 300 |
_a2790 p. : ill. ; _c30cm. |
||
| 942 |
_2ddc _cTHE |
||
| 650 |
_aVirology and Immunology - Ph. D Thesis. _919491 |
||
| 700 |
_aSup: Dr. Muhammad Tahir. _919492 |
||